Elementos teóricos y políticos del intercambio comercial entre países desarrollados y subdesarrollados

Gardado en:
Detalles Bibliográficos
Autor Principal: Ruíz Nápoles, Pablo
Formato: Texto
Publicado: La Habana: Palacio de las Convenciones
Materias:
Etiquetas: Engadir etiqueta
Sen Etiquetas, Sexa o primeiro en etiquetar este rexistro!

MARC

LEADER 00000 a a2200000 04500
001 14055
003
040
090 |a 0001 S456s  
100 |a Ruíz Nápoles, Pablo  
245 |a Elementos teóricos y políticos del intercambio comercial entre países desarrollados y subdesarrollados  
260 |a La Habana:   |b Palacio de las Convenciones  
300 |a 2; 15 p  
650 |a COMERCIO  
650 |a TERCER MUNDO  
650 |a DESARROLLO ECONOMICO  
650 |a CRISIS ECONOMICA  
650 |a CAPITALISMO  
650 |a INDUSTRIALIZACION  
650 |a MUNDO  
999 |c 5926  |d 5926